000 00333nam a22001337a 4500
005 20250901165818.0
008 250407b |||||||| |||| 00| 0 eng d
020 _a9780195733198
050 _aPL 8704.M64 2010
245 _aDUNIA YAO
_cMOHAMED SAID
260 _aNAIROBI
_bOXFORD UNIVERSITY PRESS
_c2010
300 _a244
942 _2lcc
999 _c9543
_d9543